00643 2200229 4500001002100000005001700021008004100038020001800079035002400097040001800121090001800139100002700157245005300184250001100237260003500248300003100283500003100314650002400345700001700369850001200386990001500398YOGYA-0209000001718120090227022729.0 ind  a979-489-240-8 0010-020900000017181 aYOPDYOGbadran a633.43bAli W aAli, Nur Berlian Venus aWortel dan lobakcNur Berlian Venus, Estu Rahayu aCet. 2 aJakartabPenebar Swadayac1995 aviii, 102 hlmbilusc21 cm aBibliografi : hlm. 100-102 aLobak merahxWortel aRahayu, Estu aYOPDYOG a97P0099214